LIBRARY & INFORMATION CENTRE, KCAET, TAVANUR

ONLINE PUBLIC ACCESS CATALOGUE (OPAC)

Post harvest technology of cereals pulses and oilseeds / (Record no. 8786)

MARC details
000 -LEADER
fixed length control field 00468cam a2200169ua 4500
003 - CONTROL NUMBER IDENTIFIER
control field OSt
008 - FIXED-LENGTH DATA ELEMENTS--GENERAL INFORMATION
fixed length control field 210806b ||||| |||| 00| 0 eng d
020 ## - INTERNATIONAL STANDARD BOOK NUMBER
ISBN 9788120409689
082 ## - DEWEY DECIMAL CLASSIFICATION NUMBER
Classification number 631.56
Item number CHA/PO
100 ## - MAIN ENTRY--AUTHOR NAME
Personal name Chakraverty, A
245 ## - TITLE STATEMENT
Title Post harvest technology of cereals pulses and oilseeds /
250 ## - EDITION STATEMENT
Edition statement 1 /
260 ## - PUBLICATION, DISTRIBUTION, ETC. (IMPRINT)
Place of publication New Delhi :
Name of publisher Oxford & IBH Publishing company ,
Year of publication 1988.
300 ## - PHYSICAL DESCRIPTION
Number of Pages 299 ; .
500 ## - GENERAL NOTE
General note 18473, 18316 Scheme
942 ## - ADDED ENTRY ELEMENTS (KOHA)
Koha item type Books
Holdings
Withdrawn status Lost status Damaged status Home library Current library Shelving location Date acquired Full call number Accession Number Koha item type Collection code
      KAUAET KAUAET Binding Shelf 31/05/1989 631.56 CHA/PO 16508 Books  
      KAUAET KAUAET Scheme 07/04/2012 631.56 CHA/PO 18316 Book Bank scheme for SC students Non-fiction
      KAUAET KAUAET   07/04/2012 631.56 CHA/PO 18473 Book Bank scheme for SC students  
    Damaged KAUAET KAUAET   07/04/2012 631.56 CHA/PO 19246 Books  
free website counter